[Event "Liga Vasca 2010 - Primera Division"]
[Site "Euskadi ESP"]
[Date "2010.02.27"]
[Round "7.13"]
[White "Etxaurren Gavina, Asier"]
[Black "Iraneta Unzue, Iker"]
[Result "1-0"]
[WhiteElo "1977"]
[BlackElo "1954"]
[PlyCount "67"]
[EventDate "2010.01.09"]
[EventType "team"]
[EventRounds "9"]
[EventCountry "ESP"]
[Source "lmi"]
[SourceDate "2010.01.09"]

1. d4 Nf6 2. c4 g6 3. Nc3 Bg7 4. Nf3 O-O 5. Bf4 d6 6. h3 Nbd7 7. e3 c6 8. Be2
Qe8 9. O-O e5 10. Bh2 Qe7 11. Qc2 Ne8 12. b4 f5 13. Rad1 g5 14. dxe5 dxe5 15.
c5 h5 16. Nd2 g4 17. hxg4 hxg4 18. Nc4 b6 19. Nd6 Nxd6 20. cxd6 Qg5 21. b5 Bb7
22. Ne4 fxe4 23. bxc6 Bxc6 24. Qxc6 Nc5 25. d7 Rad8 26. a4 Qf5 27. Qc7 Rxd7 28.
Rxd7 Nxd7 29. Qxa7 Rf6 30. Bg3 Rh6 31. Rd1 Nc5 32. Bc4+ Kh7 33. Qa8 Ne6 34. Qe8
1-0

[Event "Liga Vasca 2010 - Primera Division"]
[Site "Euskadi ESP"]
[Date "2010.02.27"]
[Round "7.14"]
[White "Garcia Mina, Daniel"]
[Black "Zaballa Zarzosa, Jon"]
[Result "0-1"]
[WhiteElo "1779"]
[BlackElo "1872"]
[PlyCount "110"]
[EventDate "2010.01.09"]
[EventType "team"]
[EventRounds "9"]
[EventCountry "ESP"]
[Source "lmi"]
[SourceDate "2010.01.09"]

1. e4 c5 2. Nf3 d6 3. d3 Nc6 4. g3 g6 5. Bg2 Bg7 6. Nbd2 e6 7. O-O Nge7 8. Re1
O-O 9. Nf1 Bd7 10. Ne3 Rb8 11. Nc4 Qc7 12. Rb1 b5 13. Ne3 a5 14. Bd2 d5 15.
exd5 exd5 16. Nf1 Qb6 17. Bf4 Rbd8 18. Ne5 Be6 19. Qd2 Rfe8 20. Nxc6 Nxc6 21.
Bh6 Bh8 22. Qf4 f6 23. h4 Ne5 24. Nh2 Nf7 25. Re2 Nxh6 26. Qxh6 Bf7 27. Rbe1
Qd6 28. Qd2 b4 29. Ng4 Bg7 30. Nh6+ Bxh6 31. Qxh6 Rxe2 32. Rxe2 Re8 33. Rxe8+
Bxe8 34. Qe3 Bf7 35. b3 Kg7 36. Bf3 f5 37. Bg2 Be6 38. Kh2 Bd7 39. Qf3 Bc6 40.
h5 Qe5 41. hxg6 hxg6 42. Qe3 Qxe3 43. fxe3 Kf6 44. Kg1 Ke5 45. Kf2 g5 46. Ke2
Bb5 47. Kd2 d4 48. Ke2 dxe3 49. Kxe3 f4+ 50. gxf4+ gxf4+ 51. Kd2 Kd4 52. Bf3
Bd7 53. Bg2 Be6 54. Bf1 f3 55. Kc1 Ke3 0-1

[Event "Liga Vasca 2010 - Primera Division"]
[Site "Euskadi ESP"]
[Date "2010.02.27"]
[Round "7.21"]
[White "Galzagorri Uli, Yeray"]
[Black "Nava Pereda, Carlos"]
[Result "1/2-1/2"]
[WhiteElo "2281"]
[BlackElo "2254"]
[PlyCount "25"]
[EventDate "2010.01.09"]
[EventType "team"]
[EventRounds "9"]
[EventCountry "ESP"]
[Source "lmi"]
[SourceDate "2010.01.09"]

1. c4 Nf6 2. d4 c5 3. Nf3 cxd4 4. Nxd4 b6 5. f3 Bb7 6. e4 e6 7. Nc3 d6 8. Be3
Be7 9. Be2 O-O 10. O-O a6 11. Qd2 Nbd7 12. Rac1 Kh8 13. Rc2 1/2-1/2

[Event "Liga Vasca 2010 - Primera Division"]
[Site "Euskadi ESP"]
[Date "2010.02.27"]
[Round "7.22"]
[White "Trigo Urquijo, Sergio"]
[Black "Martin Echeandia, Ibon"]
[Result "1/2-1/2"]
[WhiteElo "2243"]
[BlackElo "2195"]
[PlyCount "25"]
[EventDate "2010.01.09"]
[EventType "team"]
[EventRounds "9"]
[EventCountry "ESP"]
[Source "lmi"]
[SourceDate "2010.01.09"]

1. Nf3 f5 2. g3 g6 3. Bg2 Bg7 4. O-O Nf6 5. d3 O-O 6. c4 c6 7. Nc3 d5 8. cxd5
cxd5 9. d4 Nc6 10. Bf4 Ne4 11. Rc1 Bd7 12. a3 Rc8 13. h4 1/2-1/2

[Event "Liga Vasca 2010 - Primera Division"]
[Site "Euskadi ESP"]
[Date "2010.02.27"]
[Round "7.23"]
[White "Prieto Aranguren, Alain"]
[Black "Wu Martin, Eneko"]
[Result "1/2-1/2"]
[WhiteElo "2136"]
[BlackElo "2107"]
[PlyCount "32"]
[EventDate "2010.01.09"]
[EventType "team"]
[EventRounds "9"]
[EventCountry "ESP"]
[Source "lmi"]
[SourceDate "2010.01.09"]

1. e4 e5 2. Nf3 Nc6 3. Bc4 Bc5 4. b4 Bxb4 5. c3 Ba5 6. d4 d6 7. O-O exd4 8. Qb3
Qf6 9. Bg5 Qg6 10. cxd4 Qxe4 11. Nc3 Bxc3 12. Qxc3 Nge7 13. Rae1 Qg6 14. d5 f6
15. dxc6 fxg5 16. Ne5 Qf6 1/2-1/2

[Event "Liga Vasca 2010 - Primera Division"]
[Site "Euskadi ESP"]
[Date "2010.02.27"]
[Round "7.24"]
[White "Rodriguez Gonzalez, Alex"]
[Black "Garitaonaindia Areitio, Iker"]
[Result "1/2-1/2"]
[WhiteElo "2045"]
[BlackElo "1886"]
[PlyCount "22"]
[EventDate "2010.01.09"]
[EventType "team"]
[EventRounds "9"]
[EventCountry "ESP"]
[Source "lmi"]
[SourceDate "2010.01.09"]

1. e4 d6 2. Nc3 e5 3. f4 Nf6 4. Nf3 Nbd7 5. Bc4 Be7 6. O-O O-O 7. d3 c6 8. fxe5
Nxe5 9. Nxe5 dxe5 10. Be3 Ng4 11. Bd2 Nf6 1/2-1/2

[Event "Liga Vasca 2010 - Primera Division"]
[Site "Euskadi ESP"]
[Date "2010.02.27"]
[Round "7.31"]
[White "Arnaez Gil, Juan Ignacio"]
[Black "Salinero de Prado, Juan Manuel"]
[Result "1-0"]
[WhiteElo "2242"]
[BlackElo "2132"]
[PlyCount "91"]
[EventDate "2010.01.09"]
[EventType "team"]
[EventRounds "9"]
[EventCountry "ESP"]
[Source "lmi"]
[SourceDate "2010.01.09"]

1. c4 Nf6 2. Nf3 c6 3. g3 d5 4. Bg2 Bf5 5. Qb3 Qb6 6. O-O Qxb3 7. axb3 e6 8.
Nc3 Na6 9. Nd4 Nc5 10. b4 Nce4 11. Nxf5 exf5 12. cxd5 Nxd5 13. Nxd5 cxd5 14. d3
Nf6 15. Bg5 Bxb4 16. Bxf6 gxf6 17. Bxd5 a5 18. Rfc1 Rd8 19. Bxb7 O-O 20. Rc7
Bd6 21. Rc4 Rfe8 22. e3 Bb4 23. Ba6 Re6 24. Rac1 Kg7 25. d4 Rb8 26. Rc8 Rbb6
27. Bd3 Re7 28. Bxf5 Reb7 29. R1c7 h5 30. Kg2 Bd6 31. Rxb7 Rxb7 32. Rc2 Rb3 33.
Kh3 Kh6 34. Bd7 Kg6 35. Kg2 Rd3 36. Kf3 Rd1 37. h4 Bb4 38. Ke4 Rb1 39. Bf5+ Kg7
40. Kd5 Rf1 41. Kc6 Kf8 42. Bd3 Ra1 43. Be2 a4 44. Kb5 Be7 45. Bxh5 Ra2 46. Re2
1-0

[Event "Liga Vasca 2010 - Primera Division"]
[Site "Euskadi ESP"]
[Date "2010.02.27"]
[Round "7.32"]
[White "Fernandez Hernandez, Gerardo"]
[Black "Arnold Perrier, Felipe"]
[Result "0-1"]
[WhiteElo "2190"]
[BlackElo "2148"]
[PlyCount "96"]
[EventDate "2010.01.09"]
[EventType "team"]
[EventRounds "9"]
[EventCountry "ESP"]
[Source "lmi"]
[SourceDate "2010.01.09"]

1. e4 d5 2. exd5 Qxd5 3. Nc3 Qa5 4. Bc4 Nf6 5. d4 c6 6. Bd2 Bf5 7. Nd5 Qd8 8.
Nxf6+ gxf6 9. Nf3 Rg8 10. Qe2 Nd7 11. Nh4 Bg6 12. Nxg6 hxg6 13. Bb3 f5 14. Bg5
Bg7 15. O-O-O Bf6 16. h4 Qc7 17. Rhe1 Qd6 18. g3 Bxg5+ 19. hxg5 Rh8 20. c4 b6
21. c5 bxc5 22. dxc5 Qxc5+ 23. Kb1 Qb4 24. Bxf7+ Kxf7 25. Qe6+ Kf8 26. Rxd7 Rh7
27. a3 Qa5 28. Red1 Rb8 29. Qxg6 Rh2 30. Qe6 Rxb2+ 31. Kxb2 Rxf2+ 32. R1d2
Rxd2+ 33. Rxd2 Qxd2+ 34. Kb1 Qxg5 35. Qe5 Kf7 36. Qc7 Qe3 37. Qxc6 Qb6+ 38.
Qxb6 axb6 39. Kc2 Ke6 40. Kc3 Kd6 41. Kc4 e5 42. Kb5 e4 43. Kc4 Ke5 44. Kc3 Kd5
45. Kd2 b5 46. Kc3 Kc5 47. Kd2 Kd4 48. Ke2 Kc3 0-1

[Event "Liga Vasca 2010 - Primera Division"]
[Site "Euskadi ESP"]
[Date "2010.02.27"]
[Round "7.33"]
[White "Galarza Bilbao, Xabier"]
[Black "Alberdi Sololuce, Paulo"]
[Result "1/2-1/2"]
[WhiteElo "2147"]
[BlackElo "2149"]
[PlyCount "55"]
[EventDate "2010.01.09"]
[EventType "team"]
[EventRounds "9"]
[EventCountry "ESP"]
[Source "lmi"]
[SourceDate "2010.01.09"]

1. d4 Nf6 2. c4 e5 3. dxe5 Ng4 4. Nf3 Bc5 5. e3 Nc6 6. Nc3 Ncxe5 7. Be2 O-O 8.
O-O Re8 9. a3 a5 10. Nd5 Nxf3+ 11. Bxf3 Ne5 12. Be2 Ra6 13. e4 Ng6 14. Bf3 Rae6
15. b4 Bd6 16. g3 b6 17. Rb1 Ba6 18. Qc2 c6 19. Ne3 axb4 20. axb4 Qf6 21. Bg2
Nf4 22. Bb2 Qg5 23. Nf5 Nxg2 24. Kxg2 Bf8 25. h4 Qd8 26. Ra1 Bb7 27. c5 Rxe4
28. Ra7 1/2-1/2

[Event "Liga Vasca 2010 - Primera Division"]
[Site "Euskadi ESP"]
[Date "2010.02.27"]
[Round "7.34"]
[White "Hernandez Garcia, Maximo"]
[Black "Basto Auzmendi, Mario"]
[Result "1-0"]
[WhiteElo "2030"]
[BlackElo "2089"]
[PlyCount "67"]
[EventDate "2010.01.09"]
[EventType "team"]
[EventRounds "9"]
[EventCountry "ESP"]
[Source "lmi"]
[SourceDate "2010.01.09"]

1. e4 d6 2. d4 Nf6 3. Nc3 g6 4. Be2 Bg7 5. Be3 a6 6. Qd2 Nc6 7. h4 b5 8. f3 Nh5
9. g4 Ng3 10. Rh2 h5 11. g5 Na5 12. Bd3 c5 13. dxc5 dxc5 14. Bxc5 Qc7 15. Qf2
Bb7 16. Bb4 O-O-O 17. a4 Bd4 18. Qg2 Nc6 19. Nxb5 axb5 20. Bd2 Ne5 21. axb5
Bxg1 22. Rh3 Rxd3 23. Rxg3 Qxc2 24. Rc1 Qxc1+ 25. Bxc1 Rhd8 26. Qc2+ Kb8 27.
Bf4 Rd1+ 28. Ke2 f6 29. gxf6 exf6 30. Rxg6 Bb6 31. Rxf6 Bc7 32. Qc3 R1d3 33.
Qc5 Rd1 34. Bxe5 1-0

[Event "Liga Vasca 2010 - Primera Division"]
[Site "Euskadi ESP"]
[Date "2010.02.27"]
[Round "7.41"]
[White "Angulo Martinez, Jon"]
[Black "Garro Beraza, Haritz"]
[Result "0-1"]
[WhiteElo "2212"]
[BlackElo "2075"]
[PlyCount "96"]
[EventDate "2010.01.09"]
[EventType "team"]
[EventRounds "9"]
[EventCountry "ESP"]
[Source "lmi"]
[SourceDate "2010.01.09"]

1. e4 c5 2. Nf3 d6 3. d4 cxd4 4. Nxd4 Nf6 5. Nc3 a6 6. Be3 e6 7. g4 e5 8. Nf5
h5 9. g5 Nxe4 10. Nxg7+ Bxg7 11. Nxe4 d5 12. Ng3 Bg4 13. Be2 d4 14. Bd2 Qd7 15.
Nxh5 Qd5 16. Ng3 Rh3 17. O-O Bxe2 18. Qxe2 Nd7 19. Qg4 Rh8 20. Nf5 Bf8 21. Rfe1
O-O-O 22. c3 dxc3 23. Bxc3 Bc5 24. h4 Qe6 25. Re4 Kb8 26. a3 Qb6 27. Qg3 Ka8
28. b4 Qe6 29. Qf3 Bb6 30. Rae1 Qb3 31. Nd6 Bc7 32. Nf5 Rhe8 33. Kg2 Qxa3 34.
b5 Nc5 35. R4e3 e4 36. Qg4 Qa4 37. bxa6 bxa6 38. Ra1 Qc6 39. Bf6 Rd7 40. Rc1
Rb8 41. Nd4 Qd6 42. Rxc5 Qh2+ 43. Kf1 Qh1+ 44. Qg1 Rb1+ 45. Re1 Rxe1+ 46. Kxe1
Qxg1+ 47. Ke2 Qg4+ 48. Kf1 Bb6 0-1

[Event "Liga Vasca 2010 - Primera Division"]
[Site "Euskadi ESP"]
[Date "2010.02.27"]
[Round "7.42"]
[White "Olmo Vega, Diego"]
[Black "Diaz Herrero, Alvaro"]
[Result "0-1"]
[WhiteElo "2025"]
[BlackElo "2143"]
[PlyCount "54"]
[EventDate "2010.01.09"]
[EventType "team"]
[EventRounds "9"]
[EventCountry "ESP"]
[Source "lmi"]
[SourceDate "2010.01.09"]

1. e4 g6 2. d4 Bg7 3. Nf3 c6 4. Nc3 d5 5. h3 Nh6 6. Bd3 f6 7. O-O Nf7 8. Re1
O-O 9. Bf4 e5 10. dxe5 fxe5 11. Bg3 d4 12. Ne2 Be6 13. c3 c5 14. cxd4 cxd4 15.
Qa4 Nd7 16. b4 a6 17. Nd2 b5 18. Qd1 Qe7 19. a3 Nd6 20. f4 Nc4 21. Bxc4 bxc4
22. fxe5 d3 23. Nc3 Qg5 24. Nf1 Rxf1+ 25. Rxf1 Qxg3 26. Rf3 Qxe5 27. Rc1 Bh6
0-1

[Event "Liga Vasca 2010 - Primera Division"]
[Site "Euskadi ESP"]
[Date "2010.02.27"]
[Round "7.43"]
[White "Sanz Rodero, Mikel"]
[Black "Arana Garate, Jon"]
[Result "1-0"]
[WhiteElo "2056"]
[BlackElo "1944"]
[PlyCount "83"]
[EventDate "2010.01.09"]
[EventType "team"]
[EventRounds "9"]
[EventCountry "ESP"]
[Source "lmi"]
[SourceDate "2010.01.09"]

1. e4 d6 2. d4 Nf6 3. Nc3 g6 4. Nf3 Bg7 5. Be2 O-O 6. O-O Nbd7 7. e5 dxe5 8.
dxe5 Ng4 9. e6 Nde5 10. exf7+ Nxf7 11. Bc4 Qxd1 12. Rxd1 c6 13. Re1 b5 14. Bb3
a5 15. h3 Ngh6 16. Rxe7 a4 17. Bxh6 Bxh6 18. Bxf7+ Rxf7 19. Rxf7 Kxf7 20. Ne5+
Kf6 21. Nxc6 Bd7 22. Nb4 a3 23. Rd1 Bf5 24. g4 Be6 25. b3 Bf8 26. Nbd5+ Kf7 27.
Nxb5 Bxd5 28. Rxd5 Re8 29. Kf1 Rc8 30. c4 Ke6 31. Ke2 Bb4 32. f4 Rf8 33. Kf3 h6
34. Nc7+ Ke7 35. Rd3 Bd6 36. Nd5+ Kf7 37. b4 Re8 38. Re3 Ra8 39. Nb6 Rd8 40. c5
Bc7 41. Rxa3 Rd4 42. Ra7 1-0

[Event "Liga Vasca 2010 - Primera Division"]
[Site "Euskadi ESP"]
[Date "2010.02.27"]
[Round "7.44"]
[White "Olabe Odriozola, Eduardo"]
[Black "Zabala Perez, Aritz"]
[Result "1-0"]
[WhiteElo "1857"]
[BlackElo "1888"]
[PlyCount "101"]
[EventDate "2010.01.09"]
[EventType "team"]
[EventRounds "9"]
[EventCountry "ESP"]
[Source "lmi"]
[SourceDate "2010.01.09"]

1. e4 e5 2. Nf3 Nc6 3. Bc4 Nf6 4. Ng5 d5 5. exd5 Na5 6. Bb5+ c6 7. dxc6 bxc6 8.
Bd3 Bc5 9. O-O O-O 10. Nc3 Bb6 11. b3 Ng4 12. Nh3 Qh4 13. Qf3 f5 14. Ba3 Rf6
15. Qe2 Rg6 16. Kh1 e4 17. f3 Nxh2 18. Kxh2 Qg3+ 19. Kh1 Bc7 20. f4 Be6 21. Bc4
Nxc4 22. bxc4 Kh8 23. d3 Re8 24. Rab1 Bxc4 25. Rf3 Qh4 26. dxc4 Rg4 27. Qe1 Qh5
28. Rf1 Re6 29. Ne2 Reg6 30. Rb3 Rxg2 31. Rf2 R2g4 32. Qb4 h6 33. Rh2 Rh4 34.
Qe1 Rgg4 35. Qf2 Qf7 36. Qc5 Qh5 37. Qf2 Qf7 38. Rg3 Qxc4 39. Rxg4 Rxg4 40.
Qxa7 Qd5 41. Qc5 Qd1+ 42. Nhg1 Bxf4 43. Qf8+ Kh7 44. Qxf5+ Kh8 45. Qc8+ Kh7 46.
Qxg4 Bxh2 47. Qxe4+ Kh8 48. Kxh2 Qb1 49. Qg6 Qxa2 50. Bf8 Qg8 51. Qxg7+ 1-0

[Event "Liga Vasca 2010 - Primera Division"]
[Site "Euskadi ESP"]
[Date "2010.02.27"]
[Round "7.51"]
[White "Agirretxe San Sebastian, Jesus"]
[Black "Navarrete Delgado, Sergio"]
[Result "0-1"]
[WhiteElo "2153"]
[BlackElo "2227"]
[PlyCount "106"]
[EventDate "2010.01.09"]
[EventType "team"]
[EventRounds "9"]
[EventCountry "ESP"]
[Source "lmi"]
[SourceDate "2010.01.09"]

1. d4 d5 2. c4 c6 3. cxd5 cxd5 4. Nc3 Nf6 5. Nf3 Nc6 6. Bf4 a6 7. e3 Bg4 8. Be2
e6 9. O-O Be7 10. Rc1 O-O 11. Ne5 Nxe5 12. Bxe5 Bxe2 13. Qxe2 Nd7 14. Bg3 Rc8
15. e4 dxe4 16. Qxe4 Qb6 17. d5 Nc5 18. Qe2 Bf6 19. dxe6 Nxe6 20. Nd5 Nd4 21.
Nxf6+ Qxf6 22. Qg4 Rxc1 23. Rxc1 h6 24. h3 Nc6 25. Qe2 Rd8 26. b3 Qf5 27. Kh2
Qd5 28. Bf4 Qf5 29. Qg4 Qxg4 30. hxg4 Rd4 31. Kg3 Rd3+ 32. Be3 f6 33. Kf3 Rd7
34. Rc2 Ne5+ 35. Kg3 Kf7 36. Rc8 Ke6 37. Bf4 Nd3 38. Be3 Nb4 39. a3 Nc6 40. b4
Ne7 41. Rc4 Nc6 42. a4 Rd5 43. f4 Rd3 44. Re4+ Kd5 45. Re8 Nxb4 46. Kh4 Kc6 47.
a5 Nd5 48. Bc1 Rd1 49. Rc8+ Kd7 50. Rc4 Ne7 51. Ba3 g5+ 52. fxg5 hxg5+ 53. Kg3
Rd3+ 0-1

[Event "Liga Vasca 2010 - Primera Division"]
[Site "Euskadi ESP"]
[Date "2010.02.27"]
[Round "7.53"]
[White "Ros Eskisabel, Jose Ramon"]
[Black "Mombiela Martinez, Gonzalo"]
[Result "1-0"]
[WhiteElo "2143"]
[BlackElo "2142"]
[PlyCount "83"]
[EventDate "2010.01.09"]
[EventType "team"]
[EventRounds "9"]
[EventCountry "ESP"]
[Source "lmi"]
[SourceDate "2010.01.09"]

1. e4 c6 2. d4 g6 3. c3 Bg7 4. Nd2 d5 5. h3 dxe4 6. Nxe4 Nf6 7. Nxf6+ Bxf6 8.
Bh6 Qb6 9. Qd2 Be6 10. Nf3 Na6 11. a4 Nb8 12. a5 Qd8 13. Be2 Rg8 14. Bg5 Kf8
15. Bxf6 exf6 16. Qh6+ Rg7 17. O-O Kg8 18. Rfe1 Nd7 19. b4 Qf8 20. Qd2 Qd6 21.
c4 Kh8 22. Rad1 Nf8 23. Qb2 h6 24. b5 cxb5 25. Qxb5 Qd7 26. Qb2 Qc7 27. d5 Bd7
28. Qxf6 Qxa5 29. Ne5 Be8 30. Qe7 Kg8 31. Qxb7 Qd8 32. Qa6 f6 33. Ng4 f5 34.
Nf6+ Kh8 35. Nxe8 Qxe8 36. c5 Re7 37. Qa1+ Kh7 38. Bf3 Rc8 39. c6 Qf7 40. d6
Re6 41. Rxe6 Nxe6 42. Bd5 1-0

[Event "Liga Vasca 2010 - Primera Division"]
[Site "Euskadi ESP"]
[Date "2010.02.27"]
[Round "7.54"]
[White "Monje Peinado, Roberto"]
[Black "Alvarez Ponga, Inge"]
[Result "1-0"]
[WhiteElo "2022"]
[BlackElo "1947"]
[PlyCount "75"]
[EventDate "2010.01.09"]
[EventType "team"]
[EventRounds "9"]
[EventCountry "ESP"]
[Source "lmi"]
[SourceDate "2010.01.09"]

1. d4 e6 2. c4 d5 3. Nf3 Nf6 4. g3 Be7 5. Bg2 O-O 6. O-O b6 7. cxd5 exd5 8. Nc3
Bb7 9. Qc2 Na6 10. Bf4 c6 11. Ne5 Bd6 12. Bg5 Re8 13. Qf5 Bc8 14. Qd3 Bxe5 15.
dxe5 Rxe5 16. f4 Re8 17. e4 Nc5 18. Qc2 dxe4 19. Rad1 Qe7 20. b4 Nd3 21. Nxe4
Nxb4 22. Qb2 Nbd5 23. Bxf6 gxf6 24. Rxd5 cxd5 25. Nxf6+ Kf8 26. Nxh7+ Kg8 27.
Nf6+ Kf8 28. Nxd5 Qc5+ 29. Kh1 f5 30. Qh8+ Kf7 31. Qh7+ Ke6 32. Re1+ Kd6 33.
Rd1 Bb7 34. Qxb7 Qf2 35. Nc7+ Kc5 36. Nxe8 Rxe8 37. Qc6+ Kb4 38. Qxe8 1-0

[Event "Liga Vasca 2010 - Primera Division"]
[Site "Euskadi ESP"]
[Date "2010.03.06"]
[Round "8.22"]
[White "Ros Eskisabel, Jose Ramon"]
[Black "Olmo Vega, Diego"]
[Result "1/2-1/2"]
[WhiteElo "2143"]
[BlackElo "2025"]
[PlyCount "75"]
[EventDate "2010.01.09"]
[EventType "team"]
[EventRounds "9"]
[EventCountry "ESP"]
[Source "lmi"]
[SourceDate "2010.01.09"]

1. e4 c5 2. Nc3 Nc6 3. f4 g6 4. Nf3 Bg7 5. Bb5 Nd4 6. O-O Nxb5 7. Nxb5 Nf6 8.
Nc3 d6 9. d3 O-O 10. Qe1 a6 11. Qh4 b5 12. f5 gxf5 13. Bh6 Bxh6 14. Qxh6 Ng4
15. Qg5+ Kh8 16. exf5 Rg8 17. Qf4 f6 18. Rae1 Bb7 19. Ne4 Ne5 20. Kh1 Rg4 21.
Qh6 Bxe4 22. Rxe4 Rxe4 23. dxe4 Nxf3 24. Rxf3 Qa5 25. Qc1 Qxa2 26. Rb3 Qa4 27.
Qe1 Rg8 28. h3 b4 29. Qe2 Qc6 30. Qc4 Rg7 31. Rxb4 Rg8 32. Ra4 Qb5 33. b3 Qxc4
34. Rxc4 Rb8 35. Kg1 a5 36. Kf2 Rb4 37. Rxb4 axb4 38. Kf3 1/2-1/2

[Event "Liga Vasca 2010 - Primera Division"]
[Site "Euskadi ESP"]
[Date "2010.03.06"]
[Round "8.23"]
[White "Garro Beraza, Julen"]
[Black "Alvarado Fernandez, Mikel"]
[Result "0-1"]
[WhiteElo "1873"]
[BlackElo "2006"]
[PlyCount "66"]
[EventDate "2010.01.09"]
[EventType "team"]
[EventRounds "9"]
[EventCountry "ESP"]
[Source "lmi"]
[SourceDate "2010.01.09"]

1. e4 g6 2. d4 Bg7 3. Nf3 d6 4. Be2 c6 5. O-O Nd7 6. Nc3 Qc7 7. Be3 Ngf6 8. h3
O-O 9. Qd2 e5 10. Rad1 Re8 11. d5 c5 12. Nh2 a6 13. a4 b6 14. Bh6 c4 15. Ng4
Nxg4 16. hxg4 Rb8 17. Ra1 b5 18. axb5 axb5 19. Bxg7 Kxg7 20. Na2 Nf6 21. f3
Qc5+ 22. Kh2 h6 23. c3 g5 24. Nb4 Kg6 25. Bd1 h5 26. gxh5+ Nxh5 27. Qf2 Qc7 28.
Rh1 Nf4 29. Kg1 Bb7 30. Nc2 Rh8 31. Rxh8 Rxh8 32. Nb4 f6 33. Qg3 Qc5+ 0-1

[Event "Liga Vasca 2010 - Primera Division"]
[Site "Euskadi ESP"]
[Date "2010.03.06"]
[Round "8.24"]
[White "Garrido Fernandez, David"]
[Black "Olabe Odriozola, Eduardo"]
[Result "1/2-1/2"]
[WhiteElo "1959"]
[BlackElo "1857"]
[PlyCount "48"]
[EventDate "2010.01.09"]
[EventType "team"]
[EventRounds "9"]
[EventCountry "ESP"]
[Source "lmi"]
[SourceDate "2010.01.09"]

1. e4 e5 2. Nf3 d6 3. Bc4 Be7 4. O-O Nf6 5. Nc3 c6 6. d4 exd4 7. Qxd4 O-O 8. a4
Bg4 9. Be2 Qc7 10. h3 Bh5 11. Bf4 Na6 12. Bxa6 bxa6 13. Qd3 Rfd8 14. Rfe1 Qb7
15. b3 Bg6 16. Nh4 Bxe4 17. Nxe4 Nxe4 18. Qxe4 Bxh4 19. Bxd6 Bf6 20. Rad1 h6
21. Bc5 Rd5 22. Rxd5 cxd5 23. Qd3 Qc6 24. Bb4 Rb8 1/2-1/2

[Event "Liga Vasca 2010 - Primera Division"]
[Site "Euskadi ESP"]
[Date "2010.03.06"]
[Round "8.31"]
[White "Fernandez Hernandez, Gerardo"]
[Black "Angulo Martinez, Jon"]
[Result "1-0"]
[WhiteElo "2190"]
[BlackElo "2212"]
[PlyCount "73"]
[EventDate "2010.01.09"]
[EventType "team"]
[EventRounds "9"]
[EventCountry "ESP"]
[Source "lmi"]
[SourceDate "2010.01.09"]

1. e4 c5 2. d3 Nc6 3. g3 e6 4. Bg2 d5 5. Nd2 g6 6. Ngf3 Bg7 7. O-O Nge7 8. exd5
exd5 9. d4 c4 10. c3 O-O 11. Re1 a5 12. Ne5 f6 13. Nxc6 bxc6 14. b3 cxb3 15.
Nxb3 Bf5 16. Nc5 Nc8 17. Qa4 Bd7 18. Bxd5+ cxd5 19. Nxd7 Nb6 20. Nxb6 Qxb6 21.
Ba3 Rf7 22. Rab1 Qd8 23. Re6 h5 24. Rbe1 Qc7 25. Re8+ Rxe8 26. Qxe8+ Kh7 27.
Be7 Qxc3 28. Re3 Qa1+ 29. Kg2 Rxe7 30. Rxe7 h4 31. h3 Qc1 32. Qf7 Qh6 33. Qxf6
hxg3 34. Kxg3 g5 35. Qf5+ Qg6 36. Qxg6+ Kxg6 37. Rxg7+ 1-0

[Event "Liga Vasca 2010 - Primera Division"]
[Site "Euskadi ESP"]
[Date "2010.03.06"]
[Round "8.32"]
[White "Diaz Herrero, Alvaro"]
[Black "Alberdi Sololuce, Paulo"]
[Result "1-0"]
[WhiteElo "2143"]
[BlackElo "2149"]
[PlyCount "117"]
[EventDate "2010.01.09"]
[EventType "team"]
[EventRounds "9"]
[EventCountry "ESP"]
[Source "lmi"]
[SourceDate "2010.01.09"]

1. e4 c6 2. d4 d5 3. f3 Qb6 4. Nc3 e6 5. Qd3 Nf6 6. Nge2 Qa6 7. Qe3 Be7 8. Qg5
Kf8 9. Qg3 b5 10. Nf4 Qb6 11. e5 Ne8 12. Be3 b4 13. Na4 Qa5 14. Nc5 Bxc5 15.
dxc5 Nd7 16. Nd3 Ba6 17. Qf2 Bxd3 18. cxd3 Nxe5 19. d4 Nd7 20. Bd2 Rb8 21. a3
Qa4 22. Qe3 Nc7 23. Qf4 e5 24. dxe5 Ne6 25. Qg4 Nxe5 26. Qg3 Nd4 27. Kf2 Re8
28. Qf4 Nc2 29. Rc1 Qb3 30. axb4 Nd3+ 31. Bxd3 Qxd3 32. Kg3 Nd4 33. Rhe1 Rxe1
34. Rxe1 Ne2+ 35. Rxe2 Qxe2 36. Qd6+ Qe7 37. Qxc6 h5 38. Qxd5 h4+ 39. Kf2 g6
40. Bc3 f6 41. c6 Kg7 42. b5 Re8 43. Qd3 Qc5+ 44. Qd4 Qe7 45. Qxh4 Rh8 46. Qf4
Re8 47. g4 Kf7 48. Qc4+ Kg7 49. Qf4 Kf7 50. g5 Qc5+ 51. Bd4 Qc2+ 52. Kg3 f5 53.
Qd6 Re6 54. Qd7+ Re7 55. Qd5+ Re6 56. Bf6 f4+ 57. Kh3 Qe2 58. Qd7+ Kf8 59. Qg7+
1-0

[Event "Liga Vasca 2010 - Primera Division"]
[Site "Euskadi ESP"]
[Date "2010.03.06"]
[Round "8.33"]
[White "Martinez Pelaez, David"]
[Black "Sanz Rodero, Mikel"]
[Result "1-0"]
[WhiteElo "1972"]
[BlackElo "2056"]
[PlyCount "57"]
[EventDate "2010.01.09"]
[EventType "team"]
[EventRounds "9"]
[EventCountry "ESP"]
[Source "lmi"]
[SourceDate "2010.01.09"]

1. e4 c5 2. Nf3 e6 3. d4 cxd4 4. Nxd4 Nf6 5. Nc3 Nc6 6. Nxc6 bxc6 7. Bd3 d5 8.
O-O Be7 9. Re1 Rb8 10. e5 Nd7 11. Qg4 g6 12. Rb1 Nc5 13. Bd2 O-O 14. b3 Nxd3
15. cxd3 c5 16. Rbc1 Ba6 17. Qf3 Qd7 18. Rc2 Rfc8 19. Rec1 c4 20. dxc4 dxc4 21.
Ne4 cxb3 22. axb3 Rxc2 23. Rxc2 Bd3 24. Nd6 Bxc2 25. Qxf7+ Kh8 26. Bh6 Rg8 27.
Bg5 Rg7 28. Bf6 Bxf6 29. Qxf6 1-0

[Event "Liga Vasca 2010 - Primera Division"]
[Site "Euskadi ESP"]
[Date "2010.03.06"]
[Round "8.34"]
[White "Zabala Perez, Aritz"]
[Black "Hernandez Garcia, Maximo"]
[Result "1-0"]
[WhiteElo "1888"]
[BlackElo "2030"]
[PlyCount "181"]
[EventDate "2010.01.09"]
[EventType "team"]
[EventRounds "9"]
[EventCountry "ESP"]
[Source "lmi"]
[SourceDate "2010.01.09"]

1. Nf3 Nf6 2. g3 g6 3. Bg2 Bg7 4. O-O O-O 5. d4 d6 6. c4 Nc6 7. Bf4 Nh5 8. Be3
e5 9. dxe5 dxe5 10. Qb3 Nd4 11. Bxd4 exd4 12. Rd1 c5 13. e3 Rb8 14. exd4 cxd4
15. Nc3 Bg4 16. Nd5 Qd7 17. Rac1 Rfe8 18. Re1 Rbd8 19. Qd3 Bf5 20. Qd2 d3 21.
Nh4 Kh8 22. Nxf5 Qxf5 23. Bf1 Bd4 24. Rxe8+ Rxe8 25. Bxd3 Qe5 26. Bf1 Ng7 27.
Rd1 Ne6 28. Re1 Qg7 29. Bh3 Bxb2 30. Rb1 Bd4 31. Rxb7 Nc5 32. Rxf7 Ne4 33. Rxg7
Nxd2 34. Rf7 Ne4 35. Kg2 Ng5 36. Rf4 Bc5 37. Bg4 Kg7 38. h4 Ne4 39. Nc7 Re5 40.
Ne6+ Kh6 41. Nxc5 Nxc5 42. Rd4 Re7 43. Rd5 Rc7 44. Bf3 a5 45. Rd6 Na4 46. Bd5
Nc3 47. Ra6 a4 48. Kf3 Rc5 49. Ke3 Nd1+ 50. Kd4 Rc7 51. f3 Nb2 52. Kc3 Nd1+ 53.
Kb4 Ne3 54. Rxa4 Nf5 55. g4 Nxh4 56. Kb5 Ng2 57. Kb6 Re7 58. Ra7 Re8 59. a4 Ne3
60. a5 Rd8 61. Be6 Rd6+ 62. Kc7 Rxe6 63. c5 Nd5+ 64. Kb7 Nb4 65. Ra8 Re7+ 66.
Kb6 Nd5+ 67. Kc6 Nb4+ 68. Kb6 Re6+ 69. Kb7 Nc6 70. Ra6 Nd8+ 71. Ka7 Re7+ 72.
Kb8 Kg5 73. c6 Ne6 74. c7 Nxc7 75. Ra7 Nd5 76. Rxe7 Nxe7 77. a6 Nc6+ 78. Kb7
Nd4 79. a7 Nxf3 80. a8=Q Kxg4 81. Qa4+ Kg5 82. Qe4 Nh4 83. Qe7+ Kg4 84. Qxh7 g5
85. Kc6 Ng2 86. Kd5 Kg3 87. Qd3+ Kh2 88. Ke5 Nh4 89. Ke4 g4 90. Kf4 Nf3 91.
Qh7+ 1-0